000 00345nam a2200145Ia 4500
008 191201s2005 xx 000 0 und d
082 _a005.133
_bKAL
100 _aKANETKAR, Yashavant
245 0 _aLet us C Solutions
250 _a3rd
260 _aN.Delhi
_bBPB Publication
_c2005
300 _a496
650 _aB.Tech(CSE)
942 _2ddc
_cBK
999 _c1289
_d1289